000 00370 a2200169 4500
001 189642
020 _a978-85-1601-336-3
040 _cMagnum
100 _aBarro, João de
240 1 0 _aA história da baratinha
_lpor
245 1 0 _aA história da baratinha
300 _a47
362 0 _a1995
440 1 _aModerna
697 _aLITERATURA INFANTO
942 _cBK
999 _c189642
_d189642